[Event "Superettan(Farsta-Lulea)"]
[Site "?"]
[Date "2024.01.21"]
[Round "6"]
[White "Hjelm, Niclas"]
[Black "Marcussen, Arno"]
[Result "1/2-1/2"]
[WhiteElo "2279"]
[BlackElo "2185"]
[PlyCount "78"]
[SourceVersionDate "2024.02.04"]

1. d4 Nf6 2. Nf3 d5 3. g3 e6 4. Bg2 c5 5. O-O Nc6 6. c4 dxc4 7. dxc5 Bxc5 8.
Qxd8+ Nxd8 9. Ne5 Nd5 10. Nxc4 b5 11. Ne5 Bb7 12. Nd2 Rc8 13. Nb3 Nb4 14. Rd1
Bxg2 15. Kxg2 Be7 16. Nd4 Nc2 17. Nxc2 Rxc2 18. Rd2 Rc7 19. Rd3 f6 20. Nf3 e5
21. Rd5 Rc5 22. Rd1 Rc2 23. Ne1 Rc6 24. Be3 Bc5 25. Bxc5 Rxc5 26. a4 bxa4 27.
Rxa4 Rc7 28. Rda1 Nc6 29. Rc4 Kd7 30. Nd3 Rhc8 31. Nc5+ Kd6 32. Na6 Rb7 33.
Rd1+ Ke7 34. Rdc1 Rb6 35. Nb4 Kd6 36. Rd1+ Ke6 37. Rdc1 Kd6 38. Rd1+ Ke6 39.
Rdc1 Kd6 1/2-1/2

[Event "Superettan(Skara-Schack 08)"]
[Site "?"]
[Date "2024.01.21"]
[Round "6"]
[White "Nygren, Kim"]
[Black "Bjorkeroth, Johan"]
[Result "1-0"]
[WhiteElo "2145"]
[BlackElo "2144"]
[PlyCount "113"]
[SourceVersionDate "2024.02.04"]

1. d4 Nf6 2. Bf4 c5 3. d5 b5 4. c4 b4 5. Qc2 g6 6. e4 d6 7. Bd3 Bg7 8. Nd2 a5
9. Ngf3 a4 10. O-O Nh5 11. Be3 Nd7 12. g4 Nhf6 13. h3 O-O 14. Rae1 h5 15. g5
Ne8 16. Nh4 Ne5 17. f4 b3 18. axb3 axb3 19. Nxb3 Bxh3 20. fxe5 Bxf1 21. Rxf1
Bxe5 22. Nf3 Bg7 23. e5 Qd7 24. Nbd2 Qg4+ 25. Kf2 dxe5 26. Rg1 Qc8 27. Ne4 Nd6
28. Nfd2 Ra2 29. Nxd6 exd6 30. Ne4 Qf5+ 31. Ke2 Qh3 32. Rf1 Qg4+ 33. Kd2 Rb8
34. Rb1 Qg2+ 35. Be2 Qh3 36. Nc3 Raa8 37. Qe4 Rb3 38. Kc2 Rab8 39. Bd3 Qf5 40.
Qxf5 gxf5 41. Nb5 Rb4 42. Bd2 Ra4 43. Kb3 Ra6 44. Bxf5 Rba8 45. Rh1 Ra1 46.
Rxh5 Rg1 47. Nxd6 Raa1 48. Bc3 Raf1 49. Bh7+ Kf8 50. Ne4 Rf4 51. Nxc5 Rgg4 52.
Bd3 Rg3 53. d6 Ke8 54. Be4 Kd8 55. Bc6 Rd4 56. Nb7+ Kc8 57. Rh7 1-0

[Event "Superettan(Upsala-Kristallen)"]
[Site "?"]
[Date "2024.01.21"]
[Round "6"]
[White "Bernhard, Jonathan"]
[Black "van Hengel, Hugo"]
[Result "1/2-1/2"]
[WhiteElo "2053"]
[BlackElo "2245"]
[PlyCount "78"]
[SourceVersionDate "2024.02.13"]

1. Nf3 Nf6 2. c4 g6 3. Nc3 d5 4. cxd5 Nxd5 5. h4 Bg7 6. h5 Nxc3 7. bxc3 c5 8.
e3 Nc6 9. Bb2 e5 10. Qc2 Be6 11. Bb5 Bd7 12. Bxc6 Bxc6 13. c4 Qc7 14. hxg6 hxg6
15. Rxh8+ Bxh8 16. Ke2 O-O-O 17. Rh1 f5 18. Qc3 Qd7 19. d3 Bf6 20. Ne1 f4 21.
e4 g5 22. Qa3 b6 23. Nf3 g4 24. Nd2 f3+ 25. gxf3 Bg5 26. Bxe5 Bxd2 27. Kxd2
gxf3 28. Ke3 Bxe4 29. Kxe4 Qg4+ 30. Ke3 Re8 31. Rh8 Qg5+ 32. Kxf3 Qf5+ 33. Kg2
Rxh8 34. Bxh8 Qg4+ 35. Kh2 Qh4+ 36. Kg1 Qg4+ 37. Kf1 Qd1+ 38. Kg2 Qg4+ 39. Kf1
Qd1+ 1/2-1/2

[Event "Superettan(Farsta-Lulea)"]
[Site "?"]
[Date "2024.01.21"]
[Round "6"]
[White "Ernst, Thomas"]
[Black "Namini, Armin"]
[Result "1/2-1/2"]
[WhiteElo "2298"]
[BlackElo "2168"]
[PlyCount "100"]
[SourceVersionDate "2024.02.04"]

1. e4 c5 2. Nf3 d6 3. c3 Nf6 4. Bd3 Nc6 5. Bc2 Bg4 6. h3 Bh5 7. g4 Bg6 8. d3 e6
9. Qe2 Nd7 10. h4 h5 11. g5 Qc7 12. Nbd2 O-O-O 13. Nf1 d5 14. Ng3 Bd6 15. Rg1
Bf4 16. Bxf4 Qxf4 17. Qe3 Qxe3+ 18. fxe3 dxe4 19. dxe4 Nde5 20. Nxe5 Nxe5 21.
Ke2 Nc4 22. Bd3 Nxb2 23. Bb5 c4 24. Rab1 Nd3 25. Bxc4 Ne5 26. Bb3 Rd6 27. Bc2
Rc6 28. Rb3 Kc7 29. Rgb1 b6 30. Rd1 Rc8 31. Kf2 Kb7 32. Ne2 a6 33. Rdb1 Ng4+
34. Kf3 e5 35. Ra3 f6 36. Bd3 Ra8 37. Ng3 fxg5 38. hxg5 Rf8+ 39. Nf5 a5 40.
Rxa5 Rxc3 41. Rab5 Rxd3 42. Rxb6+ Ka7 43. Rxg6 Rxe3+ 44. Kg2 Rxe4 45. Nd6 Ne3+
46. Kg1 Rg4+ 47. Kh1 Rh4+ 48. Kg1 Rg4+ 49. Kh1 Rh4+ 50. Kg1 Rg4+ 1/2-1/2

[Event "Superettan(Skara-Schack 08)"]
[Site "?"]
[Date "2024.01.21"]
[Round "6"]
[White "Sternlund, Hakan"]
[Black "Jacobson, Erik"]
[Result "1/2-1/2"]
[WhiteElo "2124"]
[BlackElo "2187"]
[PlyCount "23"]
[EventDate "2024.??.??"]
[SourceVersionDate "2024.02.04"]

1. c4 g6 2. Nc3 Bg7 3. g3 d6 4. d4 Nf6 5. Bg2 O-O 6. Nf3 Nc6 7. O-O Na5 8. b3
c5 9. Bb2 Bf5 10. Re1 Nc6 11. h3 Ne4 12. Na4 1/2-1/2

[Event "Superettan(Upsala-Kristallen)"]
[Site "?"]
[Date "2024.01.21"]
[Round "6"]
[White "Dingertz, Erik"]
[Black "Dolata, Henryk"]
[Result "1-0"]
[WhiteElo "2121"]
[BlackElo "2027"]
[PlyCount "73"]
[SourceVersionDate "2024.02.13"]

1. Nf3 e6 2. c4 d5 3. g3 Nf6 4. Bg2 Be7 5. O-O O-O 6. d4 dxc4 7. Qc2 a6 8. Qxc4
b5 9. Qc2 Bb7 10. Bd2 Nc6 11. e3 Nb4 12. Bxb4 Bxb4 13. a3 Be7 14. Nbd2 a5 15.
Rac1 Rc8 16. Nb3 Be4 17. Qd1 b4 18. a4 Nd7 19. Nxa5 c5 20. Nc4 Nb6 21. Nxb6
Qxb6 22. Ne5 Bxg2 23. Kxg2 cxd4 24. Qxd4 Qb7+ 25. Kg1 Rcd8 26. Qf4 Bd6 27. Qf3
Qa6 28. Qc6 Qe2 29. Rc2 Qh5 30. Nd7 Be7 31. Nxf8 Kxf8 32. b3 Qf5 33. Rfc1 h5
34. Qb5 Qf3 35. Rc8 h4 36. Rxd8+ Bxd8 37. Qd7 1-0

[Event "Superettan(Farsta-Lulea)"]
[Site "?"]
[Date "2024.01.21"]
[Round "6"]
[White "Lindeman, Sven"]
[Black "Marklund, Niklas"]
[Result "1-0"]
[WhiteElo "2156"]
[BlackElo "2148"]
[PlyCount "81"]
[SourceVersionDate "2024.02.04"]

1. e4 c5 2. Nf3 d6 3. d4 cxd4 4. Nxd4 Nf6 5. Nc3 a6 6. Bc4 e6 7. Bb3 Nbd7 8. f4
Nc5 9. f5 Be7 10. Qf3 O-O 11. Be3 Qc7 12. g4 b5 13. g5 Nfxe4 14. Nxe4 Nxe4 15.
fxe6 f5 16. gxf6 Nxf6 17. Rg1 Bb7 18. Qg3 Nh5 19. Qg4 Qc5 20. O-O-O Kh8 21.
Rdf1 Qe5 22. Re1 Nf4 23. Bf2 h5 24. Qd1 Be4 25. Nc6 Bxc6 26. Rxe5 dxe5 27. Bg3
Rad8 28. Qe1 e4 29. Bxf4 Rxf4 30. Qc3 Bg5 31. Kb1 Rg4 32. Re1 Bd2 33. e7 Re8
34. Qxc6 Rxe7 35. Qc5 Bg5 36. h4 Rd7 37. Qf8+ Kh7 38. Qf5+ Kh8 39. Qxd7 Bxh4
40. Qe8+ Kh7 41. Qxh5# 1-0

[Event "Superettan(Skara-Schack 08)"]
[Site "?"]
[Date "2024.01.21"]
[Round "6"]
[White "Eklund, Lars-Goran"]
[Black "Faldt, Magnus"]
[Result "1-0"]
[WhiteElo "2176"]
[BlackElo "2139"]
[PlyCount "69"]
[SourceVersionDate "2024.02.04"]

1. Nf3 d5 2. d4 Nf6 3. c4 e6 4. Nc3 Be7 5. Bf4 c6 6. e3 O-O 7. Be2 Nbd7 8. O-O
b6 9. Rc1 Bb7 10. cxd5 exd5 11. Ne5 Nxe5 12. Bxe5 Rc8 13. Qa4 a5 14. Qb3 Nd7
15. Bg3 Ra8 16. Rfd1 b5 17. e4 a4 18. Qc2 dxe4 19. Nxe4 Nb6 20. Nc5 Bc8 21. Nd3
Bd7 22. Ne5 Rc8 23. Bf3 Nd5 24. a3 Bg5 25. Ra1 g6 26. Bxd5 cxd5 27. Qd3 Bf5 28.
Qxb5 Bc2 29. Re1 Rb8 30. Qc6 Rc8 31. Qa6 Bb3 32. f4 Bf6 33. Rac1 Re8 34. Rxc8
Qxc8 35. Qxf6 1-0

[Event "Superettan(Upsala-Kristallen)"]
[Site "?"]
[Date "2024.01.21"]
[Round "6"]
[White "Styf, Josef"]
[Black "Naslund, Mikael"]
[Result "0-1"]
[WhiteElo "2013"]
[BlackElo "2136"]
[PlyCount "80"]
[SourceVersionDate "2024.02.13"]

1. d4 d5 2. Nf3 Nf6 3. c4 e6 4. g3 dxc4 5. Bg2 Nc6 6. O-O Rb8 7. Bf4 b5 8. e4
Be7 9. b3 O-O 10. bxc4 bxc4 11. Nc3 Bb7 12. d5 exd5 13. e5 Ne4 14. Nxd5 Nb4 15.
Nxb4 Qxd1 16. Raxd1 Bxb4 17. Rd7 Ba5 18. e6 fxe6 19. Bxc7 Bxc7 20. Rxc7 Rfc8
21. Rxb7 Rxb7 22. Ne1 Nc5 23. Bxb7 Nxb7 24. Nc2 Nc5 25. Rd1 Rc7 26. Rd4 Nd7 27.
Kf1 Kf7 28. Ke2 e5 29. Rd1 Ke6 30. Ne3 Nb6 31. Rc1 Rc5 32. f3 g6 33. Nd1 Nd5
34. Nb2 c3 35. Nd3 Ra5 36. Rc2 Kd6 37. Nc1 Ra3 38. Nd3 a5 39. Nf2 Kc5 40. Nd3+
Kd4 0-1

[Event "Superettan(Farsta-Lulea)"]
[Site "?"]
[Date "2024.01.21"]
[Round "6"]
[White "Hovhannisyan, Hrayr"]
[Black "Stavenberg, Karl"]
[Result "0-1"]
[WhiteElo "2211"]
[BlackElo "2121"]
[PlyCount "70"]
[SourceVersionDate "2024.02.04"]

1. d4 d5 2. Nf3 Nf6 3. c4 c6 4. Nc3 a6 5. b3 Bf5 6. Nh4 Ne4 7. Nxf5 Nxc3 8. Qd3
Ne4 9. f3 Qa5+ 10. Bd2 Qxd2+ 11. Qxd2 Nxd2 12. Kxd2 g6 13. Ng3 Bg7 14. e3 c5
15. cxd5 cxd4 16. e4 Nd7 17. Bd3 e5 18. dxe6 fxe6 19. f4 e5 20. Ne2 exf4 21.
Nxf4 Ne5 22. Nd5 Rc8 23. h3 Rf8 24. Rhf1 Rxf1 25. Rxf1 Bh6+ 26. Ke2 Rc1 27.
Nf6+ Ke7 28. Rxc1 Bxc1 29. Nxh7 g5 30. Bc4 b5 31. Bd5 d3+ 32. Kf2 b4 33. g3 d2
34. Ke2 Nd3 35. Nxg5 Nb2 0-1

[Event "Superettan(Skara-Schack 08)"]
[Site "?"]
[Date "2024.01.21"]
[Round "6"]
[White "Lofgren, Tomas"]
[Black "Olsson, Simon"]
[Result "1/2-1/2"]
[WhiteElo "1923"]
[BlackElo "2068"]
[PlyCount "120"]
[SourceVersionDate "2024.02.04"]

1. d4 Nf6 2. Nf3 d5 3. Bf4 c5 4. e3 Nc6 5. c3 Qb6 6. Qb3 c4 7. Qxb6 axb6 8.
Nbd2 b5 9. Be2 Bf5 10. O-O h6 11. Ne5 e6 12. a3 Be7 13. h3 O-O 14. Bf3 Nxe5 15.
Bxe5 Nd7 16. Bh2 Bd3 17. Rfe1 Nb6 18. e4 Bg5 19. Nf1 dxe4 20. Bxe4 Bxe4 21.
Rxe4 Na4 22. Re2 Rfd8 23. Rae1 Rd7 24. Ne3 Bxe3 25. fxe3 f6 26. e4 Re8 27. e5
f5 28. Bf4 g5 29. Bc1 Kg7 30. g4 fxg4 31. hxg4 Rf8 32. Rf1 Rxf1+ 33. Kxf1 Rf7+
34. Rf2 Nb6 35. Rxf7+ Kxf7 36. Kf2 Kg6 37. Kg3 Nd5 38. Bd2 Ne7 39. Kf3 h5 40.
Bc1 Ng8 41. gxh5+ Kxh5 42. Kg3 Kg6 43. Bd2 Kf5 44. Kf3 Ne7 45. Bc1 Nd5 46. Bd2
Nc7 47. Bc1 Ne8 48. Bd2 Ng7 49. Bc1 g4+ 50. Kg2 Nh5 51. Kf2 Ke4 52. Ke2 Ng3+
53. Kf2 Nf5 54. Ke2 Nh4 55. Kf2 Nf3 56. Bh6 Nh4 57. Bg5 Nf5 58. Ke2 g3 59. Bc1
Nh4 60. Bh6 Nf5 1/2-1/2

[Event "Superettan(Upsala-Kristallen)"]
[Site "?"]
[Date "2024.01.21"]
[Round "6"]
[White "Ljung, Harald"]
[Black "Agnas, Thore"]
[Result "1-0"]
[WhiteElo "2120"]
[BlackElo "1760"]
[PlyCount "65"]
[SourceVersionDate "2024.02.13"]

1. d4 d5 2. Nf3 Nf6 3. g3 e6 4. Bg2 Be7 5. O-O O-O 6. b3 c5 7. Bb2 Nc6 8. c4
dxc4 9. bxc4 cxd4 10. Nxd4 Nxd4 11. Qxd4 Qc7 12. Qf4 Qxf4 13. gxf4 Bd6 14. e3
Rb8 15. Rd1 Bc7 16. Nc3 a6 17. Ba3 Re8 18. Rab1 e5 19. fxe5 Bxe5 20. Bd6 Bxd6
21. Rxd6 Be6 22. Nd5 Bxd5 23. cxd5 Kf8 24. Rdb6 Re7 25. Rxa6 Rd8 26. Ra5 Re5
27. Rxb7 Rc8 28. Rb1 g6 29. Rd1 Rc2 30. Ra8+ Kg7 31. Ra4 Rf5 32. f4 Re2 33. d6
1-0

[Event "Superettan(Farsta-Lulea)"]
[Site "?"]
[Date "2024.01.21"]
[Round "6"]
[White "Lagerborg, Krister"]
[Black "Pettersson, Tobias"]
[Result "1-0"]
[WhiteElo "2106"]
[BlackElo "2051"]
[PlyCount "85"]
[SourceVersionDate "2024.02.04"]

1. e4 d6 2. d4 Nf6 3. f3 g6 4. c4 Bg7 5. Nc3 O-O 6. Be3 c5 7. dxc5 dxc5 8. Qxd8
Rxd8 9. Bxc5 Nc6 10. Rd1 Rxd1+ 11. Kxd1 Nd7 12. Ba3 a5 13. Nd5 e6 14. Nc7 Rb8
15. Kc1 Nb4 16. Kb1 Nc5 17. Nh3 Bd7 18. Be2 Bc6 19. Nb5 Nxe4 20. Rd1 Nc5 21.
Nd4 Be8 22. Nc2 Nca6 23. Nf2 Bc6 24. b3 Be5 25. h3 h5 26. Bb2 Bxb2 27. Kxb2
Nxc2 28. Kxc2 Nc5 29. Nd3 Nxd3 30. Bxd3 Rd8 31. Be4 Rxd1 32. Kxd1 Bxe4 33. fxe4
e5 34. a3 Kf8 35. b4 Ke7 36. Kd2 h4 37. Ke3 f5 38. c5 axb4 39. axb4 b6 40. cxb6
Kd7 41. Kf3 Kc6 42. exf5 gxf5 43. g3 1-0

[Event "Superettan(Skara-Schack 08)"]
[Site "?"]
[Date "2024.01.21"]
[Round "6"]
[White "Danielsson, Fredrik"]
[Black "Wiklund, Johan"]
[Result "1-0"]
[WhiteElo "2109"]
[BlackElo "1888"]
[PlyCount "55"]
[SourceVersionDate "2024.02.04"]

1. e4 e6 2. d4 d5 3. exd5 exd5 4. Nf3 Bg4 5. h3 Bh5 6. Qe2+ Qe7 7. Be3 Bxf3 8.
Qxf3 Nf6 9. Nc3 c6 10. Bd3 Qb4 11. O-O-O Nbd7 12. g4 Bd6 13. Rhe1 O-O-O 14. g5
Ne4 15. Bxe4 dxe4 16. Nxe4 Bc7 17. Qxf7 Nb6 18. Qb3 Qf8 19. Nc5 Rd5 20. Ne6 Qf5
21. Nxc7 Kxc7 22. c4 Ra5 23. Bd2 Ra4 24. c5 Rxd4 25. cxb6+ axb6 26. Qg3+ Kc8
27. Bc3 Rxd1+ 28. Rxd1 1-0

[Event "Superettan(Upsala-Kristallen)"]
[Site "?"]
[Date "2024.01.21"]
[Round "6"]
[White "Karlsson, Leif"]
[Black "Persson, Andreas"]
[Result "0-1"]
[WhiteElo "1799"]
[BlackElo "2126"]
[PlyCount "90"]
[SourceVersionDate "2024.02.13"]

1. Nf3 d5 2. c4 e6 3. b3 Nf6 4. g3 Be7 5. Bb2 O-O 6. Bg2 c5 7. O-O Nc6 8. d3 d4
9. Nbd2 e5 10. a3 h6 11. Qc2 Bf5 12. Nh4 Bh7 13. Bh3 Re8 14. Nf5 Bf8 15. f3 g6
16. Nh4 Nh5 17. Bc1 Nf4 18. gxf4 Qxh4 19. Bd7 Red8 20. Bxc6 bxc6 21. fxe5 Qg5+
22. Kh1 Qxe5 23. Ne4 f5 24. f4 Qe6 25. Ng3 Rd7 26. Ra2 Re8 27. Rf2 Bd6 28. Qd1
Rde7 29. Qf1 Rb7 30. Qd1 Qf6 31. Rf3 g5 32. fxg5 hxg5 33. Ne4 Rxe4 34. dxe4 f4
35. Rf2 Bxe4+ 36. Kg1 Qe6 37. e3 fxe3 38. Rg2 Bf4 39. Qg4 Qxg4 40. Rxg4 Rxb3
41. Bb2 Bb1 42. Ra1 Rxb2 43. h4 d3 44. Kf1 e2+ 45. Kf2 Be3+ 0-1

[Event "Superettan(Rockaden, Sthlm II-Burgsvik)"]
[Site "?"]
[Date "2024.01.21"]
[Round "6"]
[White "Haitin, Ilja"]
[Black "Berovski, Krum"]
[Result "1/2-1/2"]
[WhiteElo "2284"]
[BlackElo "2320"]
[PlyCount "46"]
[SourceVersionDate "2024.02.04"]

1. Nf3 Nf6 2. g3 d5 3. Bg2 c5 4. O-O Nc6 5. d4 e6 6. c4 dxc4 7. Ne5 Bd7 8. Nxc4
cxd4 9. Bf4 Nd5 10. Nd6+ Bxd6 11. Bxd6 Nde7 12. Qb3 b6 13. Qa3 Nf5 14. Bf4 e5
15. Bd2 Nfe7 16. f4 exf4 17. Bxf4 O-O 18. Nd2 Rc8 19. Nc4 Be6 20. Nd6 Rc7 21.
Nb5 Rd7 22. Rac1 Bd5 23. Bh3 f5 1/2-1/2

[Event "Superettan(Helsingborg-SS 4 Springare)"]
[Site "?"]
[Date "2024.01.21"]
[Round "6"]
[White "Galperin, Platon"]
[Black "Beerdsen, Thomas"]
[Result "1/2-1/2"]
[WhiteElo "2556"]
[BlackElo "2502"]
[PlyCount "62"]
[SourceVersionDate "2024.02.04"]

1. e4 e5 2. Nf3 Nc6 3. Bb5 f5 4. d3 fxe4 5. dxe4 Nf6 6. O-O d6 7. Bc4 Bg4 8. h3
Bh5 9. Nc3 Qc8 10. Be3 Be7 11. a4 Nd8 12. a5 c6 13. Kh1 d5 14. exd5 e4 15. g4
Nxg4 16. hxg4 Bxg4 17. Nxe4 Rf8 18. Ned2 Bd6 19. Re1 Bxf3+ 20. Nxf3 Qh3+ 21.
Kg1 Qg4+ 22. Kf1 Qxc4+ 23. Re2 Rxf3 24. Bc5+ Kf7 25. Bxd6 Rf5 26. Kg1 Qxd5 27.
Re7+ Kf6 28. Re8 Kf7 29. Re7+ Kf6 30. Re8 Kf7 31. Re7+ Kf6 1/2-1/2

[Event "Superettan(Rockaden, Sthlm II-Burgsvik)"]
[Site "?"]
[Date "2024.01.21"]
[Round "6"]
[White "Crevatin, Leo"]
[Black "Larsson, Victor"]
[Result "1/2-1/2"]
[WhiteElo "2305"]
[BlackElo "2173"]
[PlyCount "100"]
[SourceVersionDate "2024.02.04"]

1. d4 d5 2. c4 e6 3. Nc3 Be7 4. cxd5 exd5 5. Bf4 c6 6. e3 Bf5 7. Nge2 Nf6 8.
Ng3 Bg6 9. h4 h5 10. Bd3 Bxd3 11. Qxd3 g6 12. O-O-O Nbd7 13. f3 Qa5 14. Kb1 Nb6
15. Rc1 Nc4 16. Qe2 O-O 17. e4 Bb4 18. Bg5 Nd7 19. exd5 Na3+ 20. Ka1 Bxc3 21.
Rxc3 Nb5 22. Rd3 Rfe8 23. Qd2 Qxd2 24. Rxd2 cxd5 25. Rc1 Rac8 26. Rxc8 Rxc8 27.
Kb1 f6 28. Bf4 Nf8 29. a4 Ne6 30. Ne2 Nbxd4 31. Rxd4 Nxd4 32. Nxd4 Rc4 33. Be3
Rxa4 34. b3 Ra6 35. g4 Kf7 36. Kb2 Rd6 37. g5 a6 38. Bf4 Rd7 39. Kb1 Re7 40.
gxf6 Re1+ 41. Kc2 Kxf6 42. Kd3 Kf7 43. Kd2 Rf1 44. Ke2 Rb1 45. Bg5 a5 46. Bd8
a4 47. bxa4 Rb4 48. Nb5 Ke6 49. Nc3 Kd7 50. Bf6 d4 1/2-1/2

[Event "Superettan(Helsingborg-SS 4 Springare)"]
[Site "?"]
[Date "2024.01.21"]
[Round "6"]
[White "Semcesen, Daniel"]
[Black "Sivuk, Vitaly"]
[Result "0-1"]
[WhiteElo "2459"]
[BlackElo "2502"]
[PlyCount "124"]
[SourceVersionDate "2024.02.04"]

1. d4 d5 2. c4 c6 3. Nf3 Nf6 4. Qc2 e6 5. Bg5 h6 6. Bh4 dxc4 7. Qxc4 b5 8. Qc2
Bb7 9. e3 Nbd7 10. Bd3 Be7 11. O-O O-O 12. Nc3 Rc8 13. Rfd1 a6 14. a4 c5 15.
axb5 Bxf3 16. gxf3 cxd4 17. exd4 axb5 18. Bxb5 Nb6 19. Qb3 Nfd5 20. Bg3 h5 21.
h3 h4 22. Be5 Bd6 23. Bxd6 Qxd6 24. Ne2 Nf4 25. Nxf4 Qxf4 26. Qe3 Nd5 27. Qxf4
Nxf4 28. Bf1 Rb8 29. Rd2 Rfc8 30. Kh2 Rb4 31. Bd3 f5 32. Ba6 Ra8 33. Ra3 Rab8
34. Ra2 Rd8 35. Be2 g5 36. Bf1 Kf7 37. Be2 Kf6 38. Bf1 Rd6 39. Be2 Rdb6 40. Bd1
Ke7 41. b3 Nd5 42. Ra7+ Kf6 43. Ra5 Rc6 44. Ra4 Rc3 45. Ra6 Rb8 46. Re2 Rb6 47.
Rxb6 Nxb6 48. Rd2 Nd5 49. Rb2 Rd3 50. Be2 Rxd4 51. Bc4 Nf4 52. Rc2 Rd1 53. Rb2
Rc1 54. Be2 Rc3 55. b4 Nxe2 56. Rxe2 Rxf3 57. Rb2 Rc3 58. b5 Rc7 59. b6 Rb7 60.
Rb1 Ke5 61. Rg1 Rxb6 62. Rxg5 Kf4 0-1

[Event "Superettan(Rockaden, Sthlm II-Burgsvik)"]
[Site "?"]
[Date "2024.01.21"]
[Round "6"]
[White "Andersson, Tommy"]
[Black "Zadruzny, Nicolaj"]
[Result "0-1"]
[WhiteElo "2358"]
[BlackElo "2212"]
[PlyCount "86"]
[SourceVersionDate "2024.02.04"]

1. Nf3 d5 2. g3 Nf6 3. Bg2 c5 4. O-O h6 5. c4 d4 6. e3 Nc6 7. exd4 cxd4 8. Re1
e6 9. d3 Be7 10. Bf4 Nd7 11. Na3 Bxa3 12. bxa3 O-O 13. Rb1 Re8 14. Bd6 Nf6 15.
Bf4 Nd7 16. g4 e5 17. Bg3 f6 18. Nh4 Nc5 19. Rb5 Qd6 20. Bd5+ Kh7 21. Qf3 Ne7
22. Be4+ Kg8 23. Nf5 Nxf5 24. gxf5 Bd7 25. Rb4 Nxe4 26. dxe4 Bc6 27. Qd3 Rac8
28. Bh4 Re7 29. h3 Be8 30. Kh2 a5 31. Rbb1 Bf7 32. Rg1 Bxc4 33. Qd2 Kf8 34.
Qxa5 Bf7 35. Rb6 Qc5 36. Rb5 Qc3 37. Qa7 Qc6 38. Rb6 Qxe4 39. Rg4 Qxf5 40. Rxb7
Rxb7 41. Qxb7 g5 42. Bg3 h5 43. Re4 h4 0-1

[Event "Superettan(Helsingborg-SS 4 Springare)"]
[Site "?"]
[Date "2024.01.21"]
[Round "6"]
[White "Peng, Li Min"]
[Black "Sylvan, Jacob"]
[Result "1/2-1/2"]
[WhiteElo "2575"]
[BlackElo "2321"]
[PlyCount "31"]
[SourceVersionDate "2024.02.04"]

1. d4 Nf6 2. c4 e6 3. Nc3 d5 4. Nf3 dxc4 5. Qa4+ c6 6. Qxc4 b5 7. Qd3 Be7 8. g3
Bb7 9. Bg2 Nbd7 10. Ne5 Nxe5 11. dxe5 Qxd3 12. exd3 Nd5 13. Be3 b4 14. Nxd5
cxd5 15. Rc1 Kd7 16. Kd2 1/2-1/2

[Event "Superettan(Rockaden, Sthlm II-Burgsvik)"]
[Site "?"]
[Date "2024.01.21"]
[Round "6"]
[White "Hedman, Erik"]
[Black "Rundqvist, Goran"]
[Result "1-0"]
[WhiteElo "2311"]
[BlackElo "1941"]
[PlyCount "47"]
[SourceVersionDate "2024.02.04"]

1. e4 e5 2. Nf3 d5 3. Nxe5 Qe7 4. d4 f6 5. Nd3 Qxe4+ 6. Be3 Bd6 7. Nc3 Qf5 8.
Nb5 Qd7 9. Qh5+ Qf7 10. Qxf7+ Kxf7 11. Bf4 Bxf4 12. Nxf4 Na6 13. Nxd5 c6 14.
Ndc7 Nxc7 15. Nxc7 Rb8 16. Bc4+ Ke7 17. O-O-O Kd8 18. Ne6+ Bxe6 19. Bxe6 Ne7
20. d5 cxd5 21. Bxd5 Nxd5 22. Rxd5+ Kc7 23. Rhd1 Rbg8 24. Rd7+ 1-0

[Event "Superettan(Helsingborg-SS 4 Springare)"]
[Site "?"]
[Date "2024.01.21"]
[Round "6"]
[White "Johansson, Thomas"]
[Black "Miezis, Normunds"]
[Result "0-1"]
[WhiteElo "2166"]
[BlackElo "2419"]
[PlyCount "152"]
[EventDate "2024.??.??"]
[SourceVersionDate "2024.02.04"]

1. e4 c5 2. c3 d5 3. exd5 Qxd5 4. d4 e6 5. Nf3 Nf6 6. Na3 cxd4 7. Nb5 Na6 8.
Nbxd4 Be7 9. Be2 O-O 10. O-O Nc5 11. Qc2 Qe4 12. Qxe4 Nfxe4 13. Re1 a6 14. Bf1
Nf6 15. Nf5 exf5 16. Rxe7 Ne6 17. c4 Rd8 18. Bd2 a5 19. b4 Kf8 20. Rxe6 Bxe6
21. bxa5 Ne4 22. Bb4+ Kg8 23. Rc1 g5 24. g3 h6 25. a3 g4 26. Ne5 Nd2 27. Bg2 f6
28. Bxb7 Nb3 29. Rb1 fxe5 30. Bxa8 Rxa8 31. Rxb3 Bxc4 32. Rc3 Bd5 33. Rc5 Rd8
34. Rc1 Kf7 35. Rc7+ Ke6 36. Re7+ Kf6 37. Rc7 Kg6 38. Be7 Rb8 39. Bb4 Bf3 40.
Rc1 Rd8 41. Bc5 Be2 42. Be3 Rd3 43. Bc5 Rd5 44. Bb4 Kf7 45. Re1 Bb5 46. Bc3 Ke6
47. Bb4 h5 48. Rc1 Kd7 49. Kg2 Be2 50. h4 f4 51. gxf4 exf4 52. Kg1 Ba6 53. Re1
Bc4 54. Re7+ Kc6 55. Re6+ Kd7 56. Re7+ Kd8 57. Re4 Rd1+ 58. Be1 Bd5 59. Re5 Kd7
60. Re2 Ra1 61. Re5 Bb7 62. Kf1 Kd6 63. Re8 Bc6 64. Rb8 Kc7 65. Rb3 Bb7 66. Ke2
Ba6+ 67. Kd2 f3 68. Rc3+ Kd7 69. Re3 Be2 70. a6 Rd1+ 71. Kc2 Rd6 72. a7 Ra6 73.
Bb4 g3 74. fxg3 f2 75. Re7+ Kd8 76. Re6 Rxa7 0-1

[Event "Superettan(Upsala-Farsta)"]
[Site "?"]
[Date "2024.01.20"]
[Round "5"]
[White "Stavenberg, Karl"]
[Black "Bernhard, Jonathan"]
[Result "1-0"]
[WhiteElo "2121"]
[BlackElo "2053"]
[PlyCount "71"]
[SourceVersionDate "2024.02.13"]

1. d4 d5 2. c4 c6 3. Nf3 Nf6 4. Nc3 dxc4 5. a4 Bf5 6. e3 e6 7. Bxc4 Bb4 8. O-O
O-O 9. Qe2 Nbd7 10. e4 Bg6 11. Bd3 c5 12. e5 Bxc3 13. bxc3 Nd5 14. Bxg6 hxg6
15. Ng5 Qa5 16. Qg4 Rfe8 17. c4 Qc3 18. cxd5 Qxa1 19. dxe6 fxe6 20. Nxe6 Nf8
21. Nxc5 b6 22. Ne4 Qxa4 23. h4 Rad8 24. Be3 Qd7 25. Qg3 Qd5 26. f3 a5 27. h5
b5 28. h6 Qb3 29. Re1 a4 30. hxg7 Kxg7 31. Qh4 Qb4 32. Rc1 Rxd4 33. Rc7+ Rd7
34. Rxd7+ Nxd7 35. Bh6+ Kh8 36. Bf8+ 1-0

[Event "Superettan(Skara-SS 4 Springare)"]
[Site "?"]
[Date "2024.01.20"]
[Round "5"]
[White "Poley, Vladimir"]
[Black "Nygren, Kim"]
[Result "1-0"]
[WhiteElo "2286"]
[BlackElo "2145"]
[PlyCount "89"]
[SourceVersionDate "2024.02.04"]

1. Nf3 b6 2. e4 Bb7 3. Nc3 e6 4. d4 Bb4 5. Bd3 Nf6 6. Qe2 d5 7. e5 Ne4 8. Bd2
Nxd2 9. Qxd2 c5 10. a3 cxd4 11. axb4 dxc3 12. Qxc3 O-O 13. O-O Nc6 14. b5 d4
15. Qd2 Ne7 16. Nxd4 Qd5 17. Nf3 Qc5 18. Qe3 Rfc8 19. Rfe1 Qb4 20. Qd4 Nd5 21.
Ra4 Qe7 22. Qg4 h6 23. h4 Nc7 24. Rea1 Ne8 25. Nd4 Rc5 26. f4 Bd5 27. c4 f5 28.
Qg6 Nc7 29. cxd5 Rxd5 30. Rc1 Rad8 31. Nc6 Qxh4 32. Nxd8 Rxd3 33. Qf7+ Kh8 34.
Nxe6 Nxe6 35. Qxe6 Qg4 36. Rf1 Rd2 37. Qc6 Rd3 38. Rxa7 Rh3 39. Qe8+ Kh7 40.
Qf7 Rg3 41. Qb7 h5 42. Ra3 h4 43. Rxg3 hxg3 44. Qf3 Qh4 45. Rd1 1-0

[Event "Superettan(Rockaden, Sthlm II-Lulea)"]
[Site "?"]
[Date "2024.01.20"]
[Round "5"]
[White "Ernst, Thomas"]
[Black "Eriksson, Dan"]
[Result "1/2-1/2"]
[WhiteElo "2298"]
[BlackElo "2240"]
[PlyCount "74"]
[SourceVersionDate "2024.02.04"]

1. c4 e5 2. g3 c6 3. Bg2 d5 4. cxd5 cxd5 5. d4 exd4 6. Nf3 Nc6 7. Nxd4 Bc5 8.
Nb3 Bb4+ 9. Bd2 Nf6 10. O-O O-O 11. Bxb4 Nxb4 12. Nc3 Bf5 13. Nd4 Be4 14. Nxe4
dxe4 15. a3 Nbd5 16. e3 Qe7 17. Qe2 g6 18. Rac1 a6 19. Rc2 Rac8 20. Rfc1 Rxc2
21. Qxc2 Re8 22. Qb3 Qd7 23. Bf1 Rd8 24. Rc5 Rc8 25. Rxc8+ Qxc8 26. Bc4 Qd7 27.
a4 h5 28. h4 Kf8 29. Kg2 Kg7 30. Qa3 Qc7 31. Bxd5 Nxd5 32. Qb3 Nf6 33. a5 Kg8
34. Qb4 Nd5 35. Qb3 Nf6 36. Qb4 Nd5 37. Qb3 Nf6 1/2-1/2

[Event "Superettan(Upsala-Farsta)"]
[Site "?"]
[Date "2024.01.20"]
[Round "5"]
[White "Dolata, Henryk"]
[Black "Lindeman, Sven"]
[Result "0-1"]
[WhiteElo "2027"]
[BlackElo "2156"]
[PlyCount "52"]
[SourceVersionDate "2024.02.13"]

1. e4 e5 2. Nf3 Nc6 3. d4 exd4 4. Nxd4 Qf6 5. Be3 Bc5 6. c3 Nge7 7. Bc4 Ne5 8.
Be2 Qg6 9. O-O d6 10. Nd2 Bh3 11. Bf3 O-O 12. Kh1 Nxf3 13. Qxf3 Bd7 14. Nc2 Bc6
15. Bxc5 dxc5 16. Qe3 b6 17. f3 f5 18. Rfe1 Rad8 19. Rad1 Rd6 20. exf5 Nxf5 21.
Qg1 Rxd2 22. Rxd2 Ng3+ 23. hxg3 Qh6+ 24. Qh2 Qxd2 25. Re6 Bd7 26. Re7 Rf6 0-1